000 00768nam a22002651c 4500
001 a987691393
008 190225s1961 gw |||| 000u rus d
041 _arus
245 0 0 _aUpročenie sovetskoj vlasti v tul`skoj gubernii :
_bsbornik dokumentov i materialov, god 1918
264 _aTula :
_bTul`skoe Knižnoe Isdatel`stvo,
_c1961
300 _a437 Seiten
650 0 _aSowjetisierung
650 0 _aWirtschaft
650 0 _aLandwirtschaft
650 0 _aIndustrie
651 0 _aSowjetunion
651 0 _aTula
655 0 _aQuelle
710 2 _aArchivnyj otdel UVD Tul'skoj oblasti
710 2 _aTul`skij oblastnoj partijnyj archiv
710 2 _aGosudarstvennyj archiv Tul`skoj Oblasti
942 _cMG
040 _cRU-10907106
003 RU-10907106
999 _c53581
_d53581